[Event "It (open)"]
[Site "masterchessopen.com - Bratislava (Slovakia)"]
[Round "6"]
[White "Moravcik Rastislav (SVK)"]
[Black "Jancura Andrej (SVK)"]
[Result "1-0"]
[WhiteElo "2039"]
[BlackElo "1893"]

1.d4 Nf6 2.c4 e6 3.Nc3 c5 4.d5 exd5 5.cxd5 d6 6.e4 g6 7.f4 Bg7 8.e5 Nfd7 9.Nb5
dxe5 10.Nd6+ Kf8 11.Nf3 h6 12.Be2 Qc7 13.Nxc8 Qxc8 14.O-O e4 15.Ne5 Bxe5
16.fxe5 Nxe5 17.Bd2 Nbd7 18.Bc3 Rh7 19.Qc2 f5 20.Qxe4 Qc7 21.g4 Re7 22.gxf5
Nf7 23.Qg2 g5 24.f6 Re3 25.Bg4 Rae8 26.Be6 R3xe6 27.dxe6 Rxe6 28.Rae1 Rxe1
29.Rxe1 Qb6 30.Qf2 Qd6 31.Qf5 b5 32.Qg6 {#r} 1-0

[Event "It (open)"]
[Site "masterchessopen.com - Budapest (Hungary)"]
[Round "4"]
[White "Meister Yakov (GER)"]
[Black "Kaposztas Miklos (HUN)"]
[Result "1-0"]
[WhiteElo "2445"]
[BlackElo "2260"]

1.c4 Nf6 2.Nc3 e6 3.d4 c5 4.d5 exd5 5.cxd5 d6 6.e4 g6 7.f4 Bg7 8.e5 dxe5
9.fxe5 Ng4 10.Bb5+ Kf8 11.e6 Ne5 12.Nf3 fxe6 13.O-O Kg8 14.Nxe5 Bxe5 15.Qf3
Qe7 16.Bg5 Qg7 17.Bh6 Bxh2+ 18.Kh1 {#r} 1-0

[Event "It"]
[Site "masterchessopen.com - Habana (Cuba)"]
[Round "6"]
[White "Barreras Alberto (CUB)"]
[Black "Garcia Osmel (CUB)"]
[Result "0-1"]
[WhiteElo "2315"]
[BlackElo "2365"]

1.d4 Nf6 2.c4 c5 3.d5 e6 4.Nc3 exd5 5.cxd5 d6 6.e4 g6 7.f4 Bg7 8.e5 Nfd7 9.Ne4
dxe5 10.Nd6+ Ke7 11.Nxc8+ Qxc8 12.Nf3 Qc7 13.Bc4 Qd6 14.O-O Re8 15.Qb3 b6
16.Bb5 e4 17.Ng5 Kf8 18.Bc6 Nxc6 19.dxc6 c4 20.Nxh7+ Kg8 21.Qh3 Nf8 22.Nxf8
Rxf8 23.f5 Qxc6 24.Bg5 Rfe8 25.f6 Bh8 26.Kh1 Re5 27.Qg4 Qe6 28.Qxe6 Rxe6 29.g4
e3 30.Rae1 Rae8 31.Re2 b5 32.a3 a5 33.h4 Re4 34.Rf3 b4 35.axb4 axb4 36.Kh2 c3
37.bxc3 bxc3 38.Kg3 R8e6 39.Rfxe3 Rxe3+ 40.Rxe3 Rxe3+ 41.Bxe3 Bxf6 42.g5 Be7
43.Bc1 Bc5 44.Kf3 Kf8 45.Ke4 Ke7 46.Kf4 Ke6 47.Kg4 Bf2 {#R} 0-1

[Event "It (open)"]
[Site "masterchessopen.com - Ischia (Italy)"]
[Round "0"]
[White "Benes Petr (CZE)"]
[Black "Ptacnik Petr (CZE)"]
[Result "0-1"]
[WhiteElo "2166"]
[BlackElo "2125"]

1.d4 Nf6 2.c4 c5 3.d5 e6 4.Nc3 exd5 5.cxd5 d6 6.e4 g6 7.f4 Bg7 8.e5 Nfd7 9.Nb5
dxe5 10.Nd6+ Ke7 11.Nb5 Na6 12.d6+ Kf8 13.Nf3 exf4 14.Bxf4 Qf6 15.Bg5 Qxb2
16.Be7+ Kg8 17.Rc1 Ne5 18.Rc2 Nxf3+ 19.gxf3 Qb4+ 20.Kf2 Bd7 21.Bc4 h5 22.Re1
Kh7 23.Bxf7 Bxb5 24.Bxg6+ Kxg6 25.Kg2 Qd4 26.Rd2 Qf4 27.Rd5 Bd7 28.Re4 Qf7
29.Qd2 Bh3+ 30.Kg3 h4+ 31.Rxh4 Rxh4 32.Qg5+ Kh7 33.Qxh4+ Kg8 34.Rg5 Bd7 35.a3
Re8 36.Qe4 Bc6 37.Qe3 Nb8 38.f4 Nd7 39.f5 Nf6 40.Rg6 Ne4+ 41.Kg4 Nxd6 42.Rxd6
Qxe7 43.Re6 Qf7 44.h4 Bd7 45.Rxe8+ Qxe8 46.Qxc5 Qe4+ 47.Kg5 Qg2+ 48.Kf4 Qf1+
49.Kg5 Kh7 {#R} 0-1

[Event "Ch Paris (open)"]
[Site "masterchessopen.com - Paris (France)"]
[Round "8"]
[White "Sanglan Philippe (FRA)"]
[Black "Jaulin Marc (FRA)"]
[Result "0-1"]
[WhiteElo "2007"]
[BlackElo "2108"]

1.d4 Nf6 2.c4 c5 3.d5 e6 4.Nc3 exd5 5.cxd5 d6 6.e4 g6 7.f4 Bg7 8.e5 dxe5
9.fxe5 Nfd7 10.e6 Qe7 11.Qe2 fxe6 12.dxe6 Nb6 13.Nf3 O-O 14.Be3 Na6 15.Bg5
Qxe6 16.Qxe6+ Bxe6 17.Bxa6 bxa6 18.O-O Rac8 19.Rfe1 Rfe8 20.Rac1 Bf5 21.Nd2 h6
22.Bh4 Bd3 23.Nde4 Bxe4 24.Nxe4 Bxb2 {#R} 0-1

[Event "It"]
[Site "masterchessopen.com - Mineola (USA)"]
[Round "10"]
[White "Kotlyar Stanislav (USA)"]
[Black "Goregliad Sergei (USA)"]
[Result "0-1"]
[WhiteElo "2148"]
[BlackElo "2300"]

1.d4 Nf6 2.c4 c5 3.d5 e6 4.Nc3 exd5 5.cxd5 d6 6.e4 g6 7.f4 Bg7 8.e5 Nfd7 9.Ne4
dxe5 10.Nd6+ Ke7 11.Nxc8+ Qxc8 12.Nf3 Re8 13.Bc4 Nb6 14.Bb5 Rd8 15.O-O Rxd5
16.Qe1 e4 17.Qxe4+ Kf8 18.Be3 Nc6 19.Rac1 Qf5 20.Qxf5 Rxf5 21.Bxc5+ Kg8
22.Bxc6 bxc6 23.Nd4 Rxc5 {#R} 0-1

[Event "Ch Russia (for the Deaf)"]
[Site "masterchessopen.com - Yaroslavl (Russia)"]
[Round "0"]
[White "Krasnov Vasiliy G (RUS)"]
[Black "Makhlin Mikhail (RUS)"]
[Result "1-0"]
[WhiteElo "2121"]
[BlackElo "2301"]

1.d4 c5 2.d5 e6 3.c4 exd5 4.cxd5 d6 5.Nc3 g6 6.e4 Nf6 7.f4 Bg7 8.e5 dxe5
9.fxe5 Ng4 10.Bb5+ Kf8 11.e6 Ne5 12.Nf3 a6 13.Bg5 f6 14.Nxe5 axb5 15.O-O Kg8
16.Nf7 Qe7 17.Nh6+ Bxh6 18.Bxh6 Bxe6 19.dxe6 Nc6 20.Nd5 Qxe6 21.Rxf6 Qe5
22.Qf3 {#r} 1-0

[Event "Czech League 1996/97 (1st)"]
[Site "masterchessopen.com - Czech Republic"]
[Round "0"]
[White "Kosnar Pavel (CZE)"]
[Black "Kastner Oldrich (CZE)"]
[Result "1-0"]
[WhiteElo "2052"]
[BlackElo "2137"]

1.d4 Nf6 2.c4 c5 3.d5 e6 4.Nc3 exd5 5.cxd5 d6 6.e4 g6 7.f4 Bg7 8.e5 dxe5
9.fxe5 Nfd7 10.e6 fxe6 11.dxe6 Qe7 12.Nd5 Qxe6+ 13.Qe2 Qxe2+ 14.Bxe2 Be5
15.Nf3 Nf6 16.Nxe5 Nxd5 17.Bh6 Be6 18.O-O-O Nd7 19.Bb5 Nb6 20.Rd6 Ke7 21.Rxe6+
Kxe6 22.Nxd7 Nxd7 23.Re1+ Kf6 24.Bxd7 Rad8 25.Rf1+ Ke7 26.Ba4 Rd5 27.h4 c4
28.Bg5+ Kd6 29.Rf7 b5 30.Bd1 a5 31.Bf3 Rf5 32.Ra7 a4 33.Rb7 Re8 34.Rxh7 b4
35.Bd2 b3 36.Bb4+ Ke5 37.a3 Kf4 38.Rc7 Rd8 39.Rxc4+ {#r} 1-0

[Event "Ch Malaga"]
[Site "masterchessopen.com - Malaga (Spain)"]
[Round "0"]
[White "Valero Fuertes Carlos (ESP)"]
[Black "Santana Martin Juan (ESP)"]
[Result "1-0"]
[WhiteElo "2084"]
[BlackElo "2246"]

1.d4 Nf6 2.c4 c5 3.d5 e6 4.Nc3 exd5 5.cxd5 d6 6.e4 g6 7.f4 Bg7 8.e5 Nfd7 9.Nb5
dxe5 10.Nd6+ Ke7 11.Nxc8+ Qxc8 12.Nf3 Re8 13.Bc4 Kf8 14.O-O Nb6 15.Bb5 Rd8
16.fxe5 Rxd5 17.Qe1 c4 18.Qh4 h5 19.Ng5 Qg4 20.Nh7+ Kg8 21.Nf6+ Bxf6 22.Qxf6
Qe6 23.Qxe6 fxe6 24.Be8 Nc6 25.Bxg6 Nxe5 26.Bxh5 Rf8 27.Rxf8+ Kxf8 28.Bh6+ Kg8
29.Rf1 Kh7 30.Be3 Na4 31.b3 cxb3 32.axb3 Nc3 33.Rc1 Rd3 34.Re1 Nc6 35.Bg4 Kg6
36.Bxe6 b5 37.g4 a5 {#r} 1-0

[Event "Ch France (juniors)"]
[Site "masterchessopen.com - France"]
[Round "7"]
[White "Gozzoli Yannick (FRA)"]
[Black "Abergel Thal (FRA)"]
[Result "0-1"]
[WhiteElo "2522"]
[BlackElo "2165"]

1.d4 Nf6 2.c4 c5 3.d5 e6 4.Nc3 exd5 5.cxd5 d6 6.e4 g6 7.f4 Bg7 8.e5 Nfd7 9.Ne4
dxe5 10.Nd6+ Ke7 11.Nb5 Kf8 12.Nf3 a6 13.Nc3 b5 14.Be2 Bb7 15.O-O h6 16.a4 b4
17.Ne4 f5 18.Nd6 e4 19.Nxb7 Qb6 20.Nh4 Bd4+ 21.Kh1 Rg8 22.Bh5 gxh5 23.Qxh5
Qxb7 24.Qxh6+ Rg7 25.Qd6+ Kg8 26.Qe6+ Rf7 27.Nxf5 Nf6 28.d6 Nc6 29.Nh6+ Kg7
30.f5 Re8 31.Qc4 Rd7 32.Bf4 Ne5 33.Qe2 Rh8 {#R} 0-1

[Event "Bundesliga (2nd) West 1998/99"]
[Site "masterchessopen.com - Germany"]
[Round "0"]
[White "Kalka Arkadius Georg (GER)"]
[Black "Handke Florian (GER)"]
[Result "1-0"]
[WhiteElo "2350"]
[BlackElo "2310"]

1.d4 Nf6 2.c4 c5 3.d5 e6 4.Nc3 exd5 5.cxd5 d6 6.e4 g6 7.f4 Bg7 8.e5 Nfd7 9.Ne4
dxe5 10.Nd6+ Ke7 11.Nxc8+ Qxc8 12.Nf3 Re8 13.Bc4 Kf8 14.O-O Nb6 15.Qb3 N8d7
16.fxe5 Rxe5 17.Nxe5 Nxe5 18.Be2 c4 19.Qa3+ Kg8 20.Bf4 Nxd5 21.Bxe5 Bxe5
22.Rac1 b5 23.Bf3 Qc6 24.Rcd1 Bd6 25.b4 Bxb4 26.Qb2 Rd8 27.Kh1 c3 28.Qxb4 c2
29.Qh4 Qc8 30.Rc1 Ne3 31.Rfe1 Nf5 32.Qf6 Rd6 33.Rxc2 Qd8 34.Qxd8+ {#r} 1-0

[Event "Verbandsliga North 1997/98"]
[Site "masterchessopen.com - Germany"]
[Round "0"]
[White "Kindsvogel Robert (GER)"]
[Black "Walther Cliff (GER)"]
[Result "1-0"]
[WhiteElo "2279"]
[BlackElo "2191"]

1.d4 Nf6 2.c4 g6 3.Nc3 c5 4.d5 e6 5.e4 exd5 6.cxd5 d6 7.f4 Bg7 8.e5 dxe5
9.fxe5 Nh5 10.Bb5+ Kf8 11.Nf3 Bg4 12.e6 a6 13.Be2 Bxf3 14.Bxf3 Qh4+ 15.g3 Qd4
16.Bxh5 gxh5 17.Qf3 Qe5+ 18.Be3 Ke8 19.Qxf7+ Kd8 20.Qf4 {#r} 1-0

[Event "Cup Russia"]
[Site "masterchessopen.com - Nizhnij Novgorod (Russia)"]
[Round "5"]
[White "Vorontsov Nickolay (KAZ)"]
[Black "Osokin Alexei (RUS)"]
[Result "0-1"]
[WhiteElo "2360"]
[BlackElo "2350"]

1.d4 e6 2.c4 Nf6 3.Nc3 c5 4.d5 exd5 5.cxd5 d6 6.e4 g6 7.f4 Bg7 8.e5 Nfd7 9.Nb5
dxe5 10.Nd6+ Ke7 11.Nb5 Re8 12.d6+ Kf8 13.Nc7 exf4+ 14.Nxe8 Qxe8+ 15.Be2 Ne5
16.Bxf4 Nbc6 17.Kf2 Nd4 18.h3 Bf5 19.Nf3 Ndxf3 20.gxf3 Qc6 21.Qd2 Rd8 22.Rad1
c4 23.Qa5 Re8 24.Qxa7 Bd3 25.Qa3 Kg8 26.Rhe1 Bf6 27.Rd2 Bh4+ 28.Bg3 Qb6+
29.Kg2 Bxg3 30.Kxg3 Qe3 31.Qc3 Qg5+ 32.Kh2 Nxf3+ 33.Bxf3 Rxe1 34.Rg2 Qf4+
35.Rg3 Re8 36.d7 Rd8 37.Qe1 Qd6 38.Bg4 h5 39.Qe8+ Qf8 40.Re3 Kg7 41.Qxd8 Qxd8
42.Re8 Qc7+ 43.Kg2 Be4+ 44.Kf2 Qb6+ 45.Kf1 hxg4 46.d8=Q Qxd8 47.Rxd8 gxh3
48.Kg1 g5 49.Rd4 f5 50.Rxc4 g4 51.Kh2 Kf6 52.a4 Kg5 53.Rc8 Bg2 54.Rg8+ Kf4
55.b4 Kf3 56.a5 f4 {#R} 0-1

[Event "Ch France (team) (juniors) 1997/98"]
[Site "masterchessopen.com - France"]
[Round "9"]
[White "Pietrasanta Jeremy (FRA)"]
[Black "Maze Sebastien (FRA)"]
[Result "0-1"]
[WhiteElo "2283"]
[BlackElo "2190"]

1.d4 Nf6 2.c4 e6 3.Nc3 c5 4.d5 exd5 5.cxd5 d6 6.e4 g6 7.f4 Bg7 8.e5 Nfd7 9.Nb5
dxe5 10.Nd6+ Kf8 11.Nf3 h6 12.Bd3 f5 13.fxe5 Nxe5 14.Nxc8 Nxd3+ 15.Qxd3 Qxc8
16.Nh4 Qe8+ 17.Be3 Bd4 18.Kd2 Qxe3+ 19.Qxe3 Bxe3+ 20.Kxe3 Kg7 21.Rhe1 Nd7
22.Kf2 Rhe8 23.Nf3 Kf6 24.Rac1 b6 25.b4 Rac8 26.a3 g5 27.Red1 a6 28.Nd2 Ne5
29.Nc4 Nxc4 30.Rxc4 cxb4 31.Rxc8 Rxc8 32.axb4 Ke5 33.d6 Rd8 34.d7 Ke6 35.Ra1
Kxd7 36.Rxa6 Kc6 37.Ke3 Kb5 38.Ra1 Rd5 39.Rb1 Re5+ 40.Kd3 f4 41.Rb2 Re3+
42.Kd4 Re1 43.h4 Re3 44.h5 Re1 45.Kc3 Rh1 46.Re2 Rxh5 47.Re5+ Kc6 48.b5+ Kd6
49.Rf5 Rh1 50.Rf6+ Kc7 51.Rf7+ Kb8 52.Rf8+ Kc7 53.Rf7+ Kd6 54.Rf6+ Kd5 55.Rf5+
Ke6 56.Rf8 Rh2 57.Rb8 Rxg2 58.Rxb6+ {#R} 0-1

[Event "It (open)"]
[Site "masterchessopen.com - Nova Gorica (Slovenia)"]
[Round "5"]
[White "Marjanovic Slavko (SLO)"]
[Black "Bednarich Jan (ITA)"]
[Result "0-1"]
[WhiteElo "2048"]
[BlackElo "2231"]

1.d4 Nf6 2.c4 c5 3.d5 e6 4.Nc3 exd5 5.cxd5 d6 6.e4 g6 7.f4 Bg7 8.e5 Nfd7 9.Nb5
dxe5 10.Nd6+ Ke7 11.Nb5 Re8 12.d6+ Kf8 13.Nc7 exf4+ 14.Be2 Nb6 15.Nf3 g5
16.Nxe8 Kxe8 17.Qc2 h6 18.Qxc5 Na6 19.Bxa6 bxa6 20.O-O Be6 21.Nd4 Rc8 22.Nxe6
fxe6 23.Qa3 Nc4 24.Qxa6 Qb6+ 25.Qxb6 Nxb6 26.Rd1 Kd7 27.a4 Rc2 28.Ra3 Bxb2
29.Bxb2 Rxb2 30.a5 Nd5 31.Rda1 Kxd6 32.R3a2 Rb3 33.Rd2 Ke5 34.Re1+ Ne3 35.Rd7
Rb2 36.Kh1 Kf5 37.Rxa7 Nxg2 38.Ra1 Nh4 39.a6 Nf3 {#R} 0-1

[Event "Ch Spain (juniors) (under 16)"]
[Site "masterchessopen.com - Oropesa (Spain)"]
[Round "7"]
[White "Castilla Leon Salas Carlos (ESP)"]
[Black "Neila Castillo Miguel Angel (ESP)"]
[Result "0-1"]
[WhiteElo "2108"]
[BlackElo "2071"]

1.d4 Nf6 2.c4 c5 3.d5 e6 4.Nc3 exd5 5.cxd5 d6 6.e4 g6 7.f4 Bg7 8.e5 dxe5
9.fxe5 Nh5 10.Bb5+ Nd7 11.e6 Qh4+ 12.Kd2 Bxc3+ 13.bxc3 fxe6 14.dxe6 O-O 15.Nf3
Qf2+ 16.Qe2 Qxe2+ 17.Kxe2 Re8 18.Kf2 Rxe6 19.Bc4 Nb6 20.Bxe6+ Bxe6 21.Re1 Bd5
22.Be3 Nf6 23.Nd2 Nbd7 24.Bf4 Rf8 25.Kg1 b5 26.Bg5 Ng4 27.h3 Nge5 28.a4 b4
29.cxb4 cxb4 30.Be7 Rf4 31.Bd6 Rd4 32.Bxe5 Nxe5 33.Nf1 Nd3 34.Reb1 b3 35.a5
Nc5 36.Ne3 Be4 37.Kf2 Bxb1 38.Rxb1 Rd2+ 39.Ke1 Ra2 40.Kd1 Rxa5 41.Nd5 {#R} 0-1

[Event "It (open) \"]
[Site "masterchessopen.com - Gausdal (Norway)"]
[Round "2"]
[White "Johansen Terje (NOR)"]
[Black "Lie Kjetil A (NOR)"]
[Result "0-1"]
[WhiteElo "2239"]
[BlackElo "2388"]

1.d4 Nf6 2.c4 c5 3.d5 e6 4.Nc3 exd5 5.cxd5 d6 6.e4 g6 7.f4 Bg7 8.e5 dxe5
9.fxe5 Qe7 10.Qe2 Nfd7 11.e6 fxe6 12.Nb5 Na6 13.d6 Qf6 14.Nf3 O-O 15.Nc3 Ne5
16.Ng5 Nb4 17.Qd2 Bh6 18.Nce4 Qf5 19.Qe2 Nbd3+ 20.Kd1 Nxc1 21.Rxc1 Bxg5
22.Nxg5 Qxg5 23.Rxc5 Rf5 24.g4 Qxg4 25.Rxe5 Qd4+ 26.Qd2 Qxd2+ {#R} 0-1

[Event "It (open) \"]
[Site "masterchessopen.com - High Tatras (Slovakia)"]
[Round "7"]
[White "Sikora-Lerch Jan (CZE)"]
[Black "Sikora Jan (CZE)"]
[Result "1-0"]
[WhiteElo "2324"]
[BlackElo "2191"]

1.d4 c5 2.d5 Nf6 3.c4 e6 4.Nc3 exd5 5.cxd5 d6 6.e4 g6 7.f4 Bg7 8.e5 dxe5
9.fxe5 Nfd7 10.e6 fxe6 11.dxe6 Qe7 12.Nd5 Qxe6+ 13.Qe2 Qxe2+ 14.Bxe2 O-O
15.Nc7 Nc6 16.Nxa8 Nb4 17.Nf3 Nc2+ 18.Kd1 Nxa1 19.Bc4+ Kh8 20.Re1 b5 21.Bxb5
Nf6 22.Nc7 Ng4 23.Ne8 Bf5 24.Nxg7 Kxg7 25.Re7+ Rf7 26.Rxf7+ Kxf7 27.h3 Nf6
28.Bd3 Bxd3 29.Ne5+ Ke6 30.Nxd3 c4 31.Nf2 Ke5 32.Be3 a5 33.Bd2 Nd5 34.Kc1 a4
35.Kb1 Nb3 36.axb3 axb3 37.Kc1 Kd4 38.Bh6 c3 39.Bg7+ Kc4 40.Bxc3 Nxc3 41.bxc3
Kxc3 42.Ng4 Kd3 43.Nf6 h5 44.g4 hxg4 45.hxg4 Ke3 46.g5 Kd4 47.Kb2 Kc4 48.Nh7
Kb4 49.Nf8 Kc4 50.Nxg6 Kd5 51.Nh4 {#r} 1-0

[Event "It (open) \"]
[Site "masterchessopen.com - Lisbon (Portugal)"]
[Round "6"]
[White "Gueneau Christophe (FRA)"]
[Black "Martins Hugo Fidalgo (POR)"]
[Result "1-0"]
[WhiteElo "2114"]
[BlackElo "2036"]

1.d4 Nf6 2.c4 c5 3.d5 e6 4.Nc3 exd5 5.cxd5 d6 6.e4 g6 7.f4 Bg7 8.e5 dxe5
9.fxe5 Nfd7 10.e6 fxe6 11.Nf3 exd5 12.Qxd5 Qe7+ 13.Be2 Nb6 14.Qd1 O-O 15.O-O
Nc6 16.Bg5 Bf6 17.Bxf6 Rxf6 18.a4 Be6 19.a5 Rd8 20.Qc2 Nd7 21.a6 b6 22.Rad1
Nde5 23.Nxe5 Rxf1+ 24.Rxf1 Nxe5 25.Qe4 Bf5 26.Bc4+ Kg7 27.Qe3 Nc6 28.Qxe7+
Nxe7 29.g4 Rd4 30.gxf5 Rg4+ 31.Kh1 Rxc4 32.f6+ Kf7 33.fxe7+ Kxe7 34.Re1+ Kd7
35.Rf1 Ke7 36.Kg2 Rb4 37.Nd5+ {#r} 1-0

[Event "Ch North Bayern"]
[Site "masterchessopen.com - Pocking (Germany)"]
[Round "8"]
[White "Siebert Joachim (GER)"]
[Black "Bielmeier Ludwig (GER)"]
[Result "0-1"]
[WhiteElo "2022"]
[BlackElo "2176"]

1.d4 Nf6 2.c4 c5 3.d5 e6 4.Nc3 exd5 5.cxd5 d6 6.e4 g6 7.f4 Bg7 8.e5 Nfd7 9.e6
fxe6 10.dxe6 Nb6 11.Ne4 O-O 12.Nf3 Bxe6 13.Qxd6 Qxd6 14.Nxd6 N8d7 15.Be2 Na4
16.O-O Rab8 17.Ng5 Bd5 18.Bb5 Nab6 19.Rd1 Bd4+ 20.Kh1 a6 21.Be2 Nf6 22.f5 Be5
23.Ne6 Bxd6 24.Nxf8 Bxf8 25.fxg6 hxg6 26.Bf4 Re8 27.Bd3 Be4 28.Bxe4 Rxe4
29.Bd6 Nbd5 30.Bxf8 Kxf8 31.Rd2 b5 32.h3 Ke7 33.Rad1 Re5 34.Kg1 Ke6 35.g4 c4
36.a3 g5 37.Kh2 a5 38.Rc1 Ne4 39.Re2 Nf4 40.Re3 Kd5 41.Rd1+ Nd3 42.Re2 Kd4
43.Rc2 b4 44.axb4 axb4 45.Ra1 Nec5 46.h4 gxh4 47.Kh3 b3 48.Rd2 Ne4 49.Rh2 Ng5+
{#R} 0-1

[Event "Ch Paulista (final)"]
[Site "masterchessopen.com - Brazil"]
[Round "0"]
[White "Chiaramitara Jr Pedro (BRA)"]
[Black "Bere Romulo (BRA)"]
[Result "1-0"]
[WhiteElo "2089"]
[BlackElo "2102"]

1.d4 Nf6 2.c4 c5 3.d5 e6 4.Nc3 exd5 5.cxd5 d6 6.e4 g6 7.f4 Bg7 8.e5 Qe7 9.Nb5
O-O 10.Nxd6 Bg4 11.Be2 Bxe2 12.Nxe2 Ng4 13.h3 Nxe5 14.fxe5 Bxe5 15.Ne4 Bd4
16.Qd3 Re8 17.N4c3 Nc6 18.dxc6 bxc6 19.Bd2 Rad8 20.Qf3 Rb8 21.O-O-O Qb7 22.b3
Qa6 23.Nxd4 cxd4 24.Na4 c5 25.Rhf1 f5 26.Qd5+ Kh8 27.Qc4 {#r} 1-0

[Event "Tournament (juniors) (under 16)"]
[Site "masterchessopen.com - Buenos Aires (Argentina)"]
[Round "6"]
[White "Romero Leandro (ARG)"]
[Black "Bitelmajer Martin (ARG)"]
[Result "0-1"]
[WhiteElo "2085"]
[BlackElo "2178"]

1.d4 Nf6 2.c4 c5 3.d5 e6 4.Nc3 exd5 5.cxd5 d6 6.e4 g6 7.f4 Bg7 8.e5 dxe5
9.fxe5 Nfd7 10.e6 fxe6 11.dxe6 Ne5 12.Qxd8+ Kxd8 13.Bg5+ Kc7 14.Nd5+ Kc6
15.O-O-O Bxe6 16.Bb5+ Kxb5 17.Nc7+ Kc6 18.Nxe6 Nf7 19.Nf3 Nxg5 20.Nfxg5 Bh6
21.Rhf1 Bxg5+ 22.Nxg5 Nd7 23.Rf7 Ne5 24.Rf6+ Kb5 25.Rd5 Nc4 26.b3 Nb6 27.a4+
Kb4 28.Rf4+ Ka3 29.Rd3 Rhd8 30.Rc3 Nd5 31.Rfc4 Nxc3 32.Rxc3 Kb4 33.Kc2 Rd5
34.Ne6 Rc8 35.Rc4+ Ka5 36.Nf4 Rd4 37.b4+ Kxa4 {#R} 0-1

[Event "It (open) \"]
[Site "masterchessopen.com - Copenhagen (Denmark)"]
[Round "2"]
[White "Grahn Lars (SWE)"]
[Black "El-Kher Henrik (DEN)"]
[Result "0-1"]
[WhiteElo "2100"]
[BlackElo "2390"]

1.d4 Nf6 2.c4 c5 3.d5 e6 4.Nc3 exd5 5.cxd5 d6 6.e4 g6 7.f4 Bg7 8.e5 Nfd7 9.Nb5
dxe5 10.Nd6+ Ke7 11.Nxc8+ Qxc8 12.Nf3 Re8 13.fxe5 Nxe5 14.Bb5 Nbd7 15.O-O Kf8
16.Nxe5 Rxe5 17.Bf4 Re4 18.Qf3 f5 19.Bh6 Nf6 20.Bxg7+ Kxg7 21.Rae1 c4 22.Rxe4
Nxe4 23.Qe3 Qd8 24.Qd4+ Qf6 25.Qxf6+ Kxf6 26.Re1 Rc8 27.Bd7 Rc5 28.Be6 Rb5
29.Re2 c3 30.b3 Rb4 31.h4 Rd4 {#R} 0-1

[Event "Tournament"]
[Site "masterchessopen.com - Helsinki (Finland)"]
[Round "5"]
[White "Salimaki Janne (FIN)"]
[Black "Kosmo Santul (FIN)"]
[Result "1-0"]
[WhiteElo "2201"]
[BlackElo "2147"]

1.d4 Nf6 2.c4 c5 3.d5 e6 4.Nc3 exd5 5.cxd5 d6 6.e4 g6 7.f4 Bg7 8.e5 dxe5
9.fxe5 Nfd7 10.e6 Qh4+ 11.g3 Bxc3+ 12.bxc3 Qe4+ 13.Qe2 Qxe2+ 14.Bxe2 fxe6
15.dxe6 Nf8 16.e7 Kxe7 17.Bg5+ Kf7 18.Nf3 Kg7 19.O-O Be6 20.Nd4 Nbd7 21.Nxe6+
Nxe6 22.Rad1 Nxg5 23.Rxd7+ Kh6 24.h4 Ne4 25.g4 b6 26.Rf4 Rhe8 27.Rxe4 Rxe4
28.g5# 1-0

[Event "Cup Croatia (team)"]
[Site "masterchessopen.com - Pula (Croatia)"]
[Round "1"]
[White "Bozinovic Bogdan (CRO)"]
[Black "Cebalo Miso (CRO)"]
[Result "0-1"]
[WhiteElo "2240"]
[BlackElo "2527"]

1.d4 Nf6 2.c4 c5 3.d5 e6 4.Nc3 exd5 5.cxd5 d6 6.e4 g6 7.f4 Bg7 8.e5 Nfd7 9.Nb5
dxe5 10.Nd6+ Ke7 11.Nxc8+ Qxc8 12.Nf3 e4 13.Ng5 Nb6 14.d6+ Kf8 15.a4 h6
16.Nxf7 Kxf7 17.a5 Bd4 18.axb6 Nc6 19.bxa7 Qe6 20.Be2 Kg7 21.Ra4 Rhd8 22.Bc4
Qxd6 23.Qb3 Qc7 24.Qh3 Rf8 25.f5 g5 26.Qh5 Rxf5 27.Ra3 Qd6 28.g4 Rff8 29.h4
Bf2+ 30.Ke2 Bxh4 31.Rxh4 gxh4 32.Qxh4 Nd4+ 33.Ke1 e3 34.Rxe3 Nc2+ 35.Ke2 Nxe3
36.Bxe3 Rad8 37.Bxh6+ {#R} 0-1

[Event "Ch Sweden (juniors)"]
[Site "masterchessopen.com - Skara (Sweden)"]
[Round "3"]
[White "Tikkanen Hans (SWE)"]
[Black "Olsson Linus (SWE)"]
[Result "1-0"]
[WhiteElo "2306"]
[BlackElo "2295"]

1.d4 Nf6 2.c4 c5 3.d5 e6 4.Nc3 exd5 5.cxd5 d6 6.e4 g6 7.f4 Bg7 8.e5 Nfd7 9.Nb5
dxe5 10.Nd6+ Ke7 11.Nxc8+ Qxc8 12.Nf3 Re8 13.fxe5 Nxe5 14.Bb5 Nbd7 15.Nxe5 Kf8
16.O-O Rxe5 17.Bf4 c4 18.Qd4 Re2 19.Bd6+ Kg8 20.Qg4 Qe8 21.Bxd7 Qe3+ 22.Kh1
Bxb2 23.Bf4 Qe4 24.Rad1 Bg7 25.Bc1 Rd8 26.Qxe4 Rxe4 27.Ba4 Re5 28.d6 b5 29.Bc2
Rd7 30.Bf4 Re2 31.Rfe1 Rxe1+ 32.Rxe1 f5 33.Bd1 Bf6 34.Bf3 g5 35.Re6 gxf4
36.Rxf6 c3 37.Bd1 Kg7 38.Re6 Kf7 39.Bb3 c2 40.Re2+ Kf6 41.Bxc2 Rxd6 42.Kg1 a5
43.Kf2 a4 44.Ke1 Ra6 45.a3 b4 46.axb4 a3 47.Bb3 Rb6 48.Ra2 Rxb4 49.Rxa3 Kg5
50.Bc2 Rb5 51.Kf2 Rc5 52.Bd3 Re5 53.Ra7 h6 54.Rg7+ Kf6 55.Rg8 Rd5 56.Be2 Ra5
57.h4 {#r} 1-0

[Event "It (open)"]
[Site "masterchessopen.com - Val Thorens (France)"]
[Round "4"]
[White "Delmont Jean-Robert (FRA)"]
[Black "Cola Yves (FRA)"]
[Result "1-0"]
[WhiteElo "2016"]
[BlackElo "1824"]

1.d4 Nf6 2.c4 c5 3.d5 e6 4.Nc3 exd5 5.cxd5 d6 6.e4 g6 7.f4 Bg7 8.e5 Nfd7 9.Ne4
dxe5 10.Nd6+ Ke7 11.Nxc8+ Qxc8 12.Nf3 Re8 13.Be2 Kf8 14.O-O exf4 15.Bxf4 Bxb2
16.Rb1 Bg7 17.Ng5 Bd4+ 18.Kh1 Nf6 19.d6 Kg7 20.Bc4 Rf8 21.Qb3 h6 22.Nxf7 Ng4
23.Be6 Qc6 24.Bxg4 Rxf7 25.Bxh6+ Kxh6 26.Rxf7 Na6 27.Qh3+ {#r} 1-0

[Event "It (open)"]
[Site "masterchessopen.com - Bratto (Italy)"]
[Date "2002.08.21"]
[Round "2"]
[White "Radice Luca (ITA)"]
[Black "Vancini Edoardo (ITA)"]
[Result "0-1"]
[WhiteElo "2077"]
[BlackElo "2285"]

1.d4 Nf6 2.c4 c5 3.d5 e6 4.Nc3 exd5 5.cxd5 d6 6.e4 g6 7.f4 Bg7 8.e5 Nfd7 9.Ne4
dxe5 10.Nd6+ Ke7 11.Nxc8+ Qxc8 12.d6+ Kf8 13.Nf3 Nc6 14.Ng5 Qe8 15.Be2 h6
16.Nh3 e4 17.O-O Bd4+ 18.Kh1 Kg7 19.f5 g5 20.Qb3 Rb8 21.Qg3 Kf8 22.Bd2 Qe5
23.Qe1 Qxd6 24.Rd1 Nf6 25.a3 Qe5 26.Bc3 Nd5 27.Bc4 Nxc3 28.bxc3 Bxc3 29.Qe2
Bd4 30.f6 Nd8 31.Qg4 b5 32.Rf5 Qe8 33.Bd5 Rb6 34.Rxd4 cxd4 35.Nxg5 hxg5
36.Qxg5 Ne6 37.Bxe6 Qxe6 38.Qg7+ Ke8 39.Qxh8+ Kd7 40.Rc5 Rc6 41.Rxc6 Qxc6
42.h4 d3 43.Qh6 Qd6 44.Qg7 d2 45.Qxf7+ Kc6 {#R} 0-1

[Event "Tournament (weekend)"]
[Site "masterchessopen.com - Vicenza (Italy)"]
[Round "4"]
[White "Danieli Enrico (ITA)"]
[Black "Logallo Claudio (ITA)"]
[Result "1-0"]
[WhiteElo "2118"]
[BlackElo "2070"]

1.d4 Nf6 2.c4 c5 3.d5 e6 4.Nc3 exd5 5.cxd5 d6 6.e4 g6 7.f4 Bg7 8.e5 dxe5
9.fxe5 Nfd7 10.e6 Bxc3+ 11.bxc3 fxe6 12.dxe6 Qh4+ 13.g3 Qe4+ 14.Qe2 Nf6
15.Qxe4 Nxe4 16.Bc4 Nd6 17.Bd5 Na6 18.Bf4 Nb5 19.Ne2 Nbc7 20.c4 Nxe6 21.O-O
Rf8 22.Rae1 Rf6 23.Nc3 Bd7 24.Bxb7 {#r} 1-0

[Event "It (open)"]
[Site "masterchessopen.com - Bizovac (Croatia)"]
[Round "9"]
[White "Martic Zlatko (CRO)"]
[Black "Ciganovic Nikola (CRO)"]
[Result "1-0"]
[WhiteElo "2297"]
[BlackElo "2187"]

1.d4 Nf6 2.c4 c5 3.d5 e6 4.Nc3 exd5 5.cxd5 d6 6.e4 g6 7.f4 Bg7 8.e5 Nh5 9.Nf3
Bg4 10.Bb5+ Kf8 11.O-O dxe5 12.fxe5 Bxe5 13.Nxe5 Bxd1 14.Nxf7 Qh4 15.Bh6+ Kg8
16.Raxd1 Qe7 17.d6 Qxf7 18.Bc4 {#r} 1-0

[Event "It (open) \"]
[Site "masterchessopen.com - Izmir (Turkey)"]
[Round "7"]
[White "Harstad Christian (NOR)"]
[Black "Asanbekov Urmat (TKM)"]
[Result "0-1"]
[WhiteElo "2109"]
[BlackElo "1911"]

1.d4 Nf6 2.c4 e6 3.Nc3 c5 4.d5 exd5 5.cxd5 g6 6.e4 d6 7.f4 Bg7 8.e5 Nfd7 9.Ne4
dxe5 10.Nd6+ Ke7 11.Nxc8+ Qxc8 12.Nf3 Re8 13.fxe5 Nxe5 14.Bb5 Nbd7 15.Nxe5 Kf8
16.O-O Rxe5 17.Bf4 Re8 18.Qf3 Kg8 19.Bd6 f5 20.g4 a6 21.Ba4 Re4 22.Bxd7 Bd4+
23.Kh1 Qxd7 24.gxf5 Re3 25.Qf4 Rd8 26.fxg6 hxg6 {#R} 0-1